MARC

LEADER 00000nam0a2200000 4500
001 374126
005 20231102012627.0
020 |a RU  |b 86-29636ж 
035 |a (RuTPU)RU\TPU\retro\31560 
035 |a RU\TPU\book\303891 
090 |a 374126 
100 |a 20221216a1986 m y0rusy5003 ca 
101 0 |a rus 
102 |a RU 
105 |a y z 001zy 
200 1 |a Гомологическая алгебра. Топологическая алгебра. Сборник работ по алгебре. 5  |f Академия наук Грузинской ССР (АН ГрузССР) ; под ред. Х. Н. Инасаридзе 
210 |a Тбилиси  |c Мецниереба  |d 1975 
215 |a 127 с. 
225 1 |a Труды Тбилисского математического института им. А. М. Размадзе  |v Т. 78 
320 |a Библиография в конце статей 
606 |a Гомологическая алгебра  |2 stltpush  |3 (RuTPU)RU\TPU\subj\7425  |9 35087 
610 1 |a когомологии 
610 1 |a свойства 
610 1 |a коммутативная алгебра 
610 1 |a алгебра Хопфа 
610 1 |a абелевы группы 
610 1 |a булевы алгебры 
610 1 |a представления 
675 |a 512.66  |v 3 
702 1 |a Инасаридзе  |b Х. Н.  |g Хведри Николаевич  |4 340 
712 0 2 |a Академия наук Грузинской ССР (АН ГрузССР)  |2 stltpush  |3 (RuTPU)RU\TPU\col\6041 
801 0 |a RU  |b RuMRKP  |c 19950704  |g psbo 
801 1 |a RU  |b 63413507  |c 20150110 
801 2 |a RU  |b 63413507  |c 20221216  |g RCR 
942 |c BK